| 000 | 01293nam a2200349 i 4500 | ||
|---|---|---|---|
| 001 | bg | ||
| 003 | BPK | ||
| 005 | 20200316121739.0 | ||
| 008 | 071031s2007 pl a f f |001 0 pol | ||
| 015 | _aPB 2007/23320 | ||
| 020 | _a9788320433265 | ||
| 040 |
_aWA N _cBPK |
||
| 080 | _a621.01 | ||
| 080 | _a531.7 | ||
| 080 | _a681.2 | ||
| 080 | _a(075.8) | ||
| 100 | 1 |
_aJakubiec, Władysław _eAutor |
|
| 245 | 1 | 0 |
_aMetrologia wielkości geometrycznych / _cWładysław Jakubiec, Jan Malinowski. |
| 250 | _aWyd. 5. | ||
| 260 |
_aWarszawa : _bWydawnictwa Naukowo-Techniczne, _c2007. |
||
| 300 |
_a487, [1] s., [32] s. tabl. kolor. : _bil. ; _c24 cm. |
||
| 504 | _aBibliogr. przy rozdz. Indeks. | ||
| 521 | 8 | _aDla studentów wyższych uczelni technicznych, inżynierów oraz innych osób zajmujących się metrologią i jakością w budowie maszyn. | |
| 650 | 4 |
_aMaszyny _xbudowa i konstrukcje. |
|
| 650 | 4 |
_aPrzyrządy pomiarowe _xbudowa i konstrukcje. |
|
| 655 | 4 | _aPodręczniki akademickie | |
| 650 | 4 | _aPomiary | |
| 710 | 2 |
_aWydawnictwa Naukowo-Techniczne _4pbl. |
|
| 700 | 1 |
_aMalinowski, Jan _eAutor |
|
| 856 |
_uhttp://koha.tu.koszalin.pl/cgi-bin/koha/opac-detail.pl?biblionumber=54525 _yKatalog online BPK |
||
| 942 |
_2UKD _cKS |
||
| 999 |
_c54525 _d54525 |
||